La legitimación activa de la mujer en el proceso criminal romano
Uloženo v:
| Hlavní autor: | |
|---|---|
| Médium: | Kniha |
| Jazyk: | španělština |
| Vydáno: |
Madrid
Clásicas
1996
|
| Edice: | Atalanta
|
| Témata: | |
| Tagy: |
Přidat tag
Žádné tagy, Buďte první, kdo vytvoří štítek k tomuto záznamu!
|
MARC
| LEADER | 00000nam a2200000 a 4500 | ||
|---|---|---|---|
| 001 | UCR1698 | ||
| 003 | CL-VaPUC | ||
| 008 | 971219e19960000SP |||||||||||||||||spa|d | ||
| 082 | 0 | 4 | |a 340.54 |b RES |2 21 |
| 100 | 0 | |a Resina, Pedro |e author |9 399061 | |
| 245 | 1 | 3 | |a La legitimación activa de la mujer en el proceso criminal romano |
| 300 | |a 171 p | ||
| 942 | |c BK | ||
| 945 | |d 19971219 00:00:00 |a aolguin | ||
| 260 | |a Madrid |b Clásicas |c 1996 | ||
| 650 | 0 | |a Derecho romano |9 255930 | |
| 650 | 0 | |a Mujeres |9 257649 | |
| 650 | 7 | |a DERECHO PENAL |2 CL-VaPUC |9 11 | |
| 650 | 0 | |a Proceso penal |9 381370 | |
| 650 | 7 | |a CONDICION DE LA MUJER |2 CL-VaPUC |9 399062 | |
| 650 | 7 | |a SITUACION JURIDICA |2 CL-VaPUC |9 398964 | |
| 583 | |a last modification |c 19971219 00:00:00 |k Rodrigo Vera | ||
| 490 | 0 | |a Atalanta | |
| 999 | |c 265065 |d 265063 | ||
| 952 | |0 0 |1 0 |4 0 |6 340_540000000000000_RES_1996 |7 0 |8 DER_ROM |9 295854 |a BIBDER |b BIBDER |d 2019-11-20 |i 1918354 |o 340.54 RES 1996 |p 1918354 |r 2023-01-25 |w 2019-11-20 |x Ubicación 4to piso |y BK |z Este recurso debe solicitarse con anticipación |k DER | ||